| Tag |
First Indicator |
Second Indicator |
Subfields |
| LEADER |
00000cam a22000008i 4500 |
| 001 |
in00000097476 |
| 005 |
20150925114950.0 |
| 008 |
791015s1980 dcu b 00010 eng |
| 010 |
|
|
|a 79005430
|
| 020 |
|
|
|a 0819108790 :
|c $8.75
|
| 035 |
|
|
|a (OCoLC)05605274
|
| 035 |
|
|
|9 AAL2936AM
|
| 040 |
|
|
|a DLC
|c DLC
|d TXA
|d UtOrBLW
|
| 043 |
|
|
|a n-us---
|
| 049 |
|
|
|a TXAM
|c [1242884]
|
| 050 |
0 |
0 |
|a LB3047
|b .C76
|
| 082 |
0 |
|
|a 379/.156/0973
|
| 100 |
1 |
|
|a Croghan, Martin J.
|
| 245 |
1 |
0 |
|a Role models and readers :
|b a sociological analysis /
|c Martin J. Croghan, Penelope P. Croghan.
|
| 263 |
|
|
|a 8001
|
| 264 |
|
1 |
|a Washington :
|b University Press of America,
|c [1980]
|
| 264 |
|
4 |
|c ©1980
|
| 300 |
|
|
|a ix, 170 pages ;
|c 21 cm.
|
| 336 |
|
|
|a text
|b txt
|2 rdacontent
|
| 337 |
|
|
|a unmediated
|b n
|2 rdamedia
|
| 338 |
|
|
|a volume
|b nc
|2 rdacarrier
|
| 504 |
|
|
|a Bibliography: pages 167-170.
|
| 650 |
|
0 |
|a Textbooks
|z United States.
|
| 650 |
|
0 |
|a Readers
|x History and criticism.
|
| 650 |
|
0 |
|a Social role
|x Study and teaching.
|
| 650 |
|
0 |
|a Content analysis (Communication)
|
| 650 |
|
0 |
|a Values
|x Study and teaching.
|
| 700 |
1 |
|
|a Croghan, Penelope P.
|
| 999 |
|
|
|a MARS
|
| 999 |
f |
f |
|s 5c6ae3b1-ed79-3f51-acbd-9fe2c5a6f01f
|i fdc3f5b2-68fe-3576-abae-8865074bdbb0
|t 0
|
| 952 |
f |
f |
|p ric
|a Texas A&M University
|b Rellis Campus
|c Joint Library Facility
|d Remote Storage
|t 0
|e LB3047 .C76
|h Library of Congress classification
|i unmediated -- volume
|m A14803300626
|
| 998 |
f |
f |
|a LB3047 .C76
|t 0
|l Remote Storage
|